Pearson Guide To Data Interpretation And Logical reasoning For The CAT (Record no. 326408)

MARC details
000 -LEADER
fixed length control field 00510nam a2200181Ia 4500
008 - FIXED-LENGTH DATA ELEMENTS--GENERAL INFORMATION
fixed length control field 230718s9999 xx 000 0 und d
020 ## - INTERNATIONAL STANDARD BOOK NUMBER
International Standard Book Number 9788131733745
041 ## - LANGUAGE CODE
Language code of text/sound track or separate title eng
082 ## - DEWEY DECIMAL CLASSIFICATION NUMBER
Classification number 378.1662
Item number SIN
100 ## - MAIN ENTRY--PERSONAL NAME
Personal name Sinha N.K.
245 ## - TITLE STATEMENT
Title Pearson Guide To Data Interpretation And Logical reasoning For The CAT
250 ## - EDITION STATEMENT
Edition statement 3rd Ed.
260 ## - PUBLICATION, DISTRIBUTION, ETC. (IMPRINT)
Date of publication, distribution, etc. 2010
Name of publisher, distributor, etc. Pearson Education
300 ## - PHYSICAL DESCRIPTION
Extent 446
365 ## - TRADE PRICE
Currency code Rs.
Price amount 525.00
700 ## - ADDED ENTRY--PERSONAL NAME
Personal name Sinha N.K.
906 ## - LOCAL DATA ELEMENT F, LDF (RLIN)
d O:0128618-Nov-2010B:562723-Sep-2010
c GENRL
b 131.25
Holdings
Withdrawn status Lost status Damaged status Not for loan Home library Current library Date acquired Vendor Budget Code Cost, normal purchase price Bill number Total Checkouts Full call number Barcode Date last seen Discount Cost, replacement price Bill Date Koha item type Original Barcode
        Cummins College of Engineering for Women Pune Cummins College of Engineering for Women Pune 18/11/2010 Tbs GENRL 393.75 5627   378.1662 CCEP-BK-37615 18/07/2023 131.25 525.00 23/09/2010 Books 037615